Social média jelentősége a szállodaiparban, az InterContinental Budapest példáján keresztül
| Szerző: | |
|---|---|
| További közreműködők: | |
| Dokumentumtípus: | Projektmunka |
| Kulcsszavak: | közösségi média marketing marketingkommunikáció szállodaipar turizmus |
| Online Access: | http://dolgozattar.uni-bge.hu/60234 |
MARC
| LEADER | 00000nnm a2200000 i 4500 | ||
|---|---|---|---|
| 001 | dolg60234 | ||
| 005 | 20260409150155.0 | ||
| 008 | 260409suuuu hu o 000 hun d | ||
| 040 | |a BGE Dolgozattár Repozitórium |b hun | ||
| 041 | |a hu | ||
| 100 | 1 | |a Oldal Enikő Márta | |
| 245 | 1 | 0 | |a Social média jelentősége a szállodaiparban, az InterContinental Budapest példáján keresztül |c Oldal Enikő Márta |h [elektronikus dokumentum] |
| 516 | |a Project_work | ||
| 520 | 3 | |a Kutatásom célja a social média szerepének bemutatása a szállodaiparban, hiszen a 21. század meghatározó tényezője és az emberek mindennapjaik része a social média.Először globálisan mutattam be a turizmust, majd a marketing alapjait és a marketingkommunikációs eszközöket a szállodaiparban. Kiemelten a marketingkommunikációs mixet. Utána bemutattam az social média platformjait és használatát. Áttekintést nyújtottam az InterContinental Budapest főbb adottságairól és működéséről. Majd a szálloda által használ Facebook, Instagram és LinkedIn oldalait ismertettem. Primer kutatásként egy interjú készítettem a szálloda marketing részlegen dolgozó két személlyel, a szálloda marketingtevékenységéről, pontosabban a social média használatukról kérdeztem őket és kutattam a témában. | |
| 695 | |a közösségi média | ||
| 695 | |a marketing | ||
| 695 | |a marketingkommunikáció | ||
| 695 | |a szállodaipar | ||
| 695 | |a turizmus | ||
| 700 | 1 | |a Sipos Erika |e ths | |
| 856 | 4 | 0 | |u http://dolgozattar.uni-bge.hu/60234/1/A%20social%20m%C3%A9dia%20jelent%C5%91s%C3%A9ge%20a%20sz%C3%A1llodaiparban%2C%20InterContinental%20Budapest%20p%C3%A9ld%C3%A1j%C3%A1n%20kereszt%C3%BCl.pdf |z Dokumentum-elérés |
| 856 | 4 | 0 | |u http://dolgozattar.uni-bge.hu/60234/2/Oldal%20Enik%C5%91%20Foszk%20konzulensi%20b%C3%ADr%C3%A1lat.pdf |z Dokumentum-elérés |